| 000 | 00711nam a2200229Ia 4500 | ||
|---|---|---|---|
| 003 | OSt | ||
| 005 | 20220926014829.0 | ||
| 006 | a|||||r|||| 00| 0 | ||
| 007 | ta | ||
| 008 | 220923b |||||||| |||| 00| 0 eng d | ||
| 037 | _cGeneral Book | ||
| 040 |
_aRTL _cRTL _beng |
||
| 041 |
_2eng _aeng |
||
| 082 | _aX65:75.1.P, P5 | ||
| 110 |
_aUN MILLENIUM PROJECT 2005 _9321182 |
||
| 245 | 0 |
_aInvesting in development _b a practical plan to achieve the millennium development goals overview |
|
| 260 |
_aNew York _bMillennium Project _c2005 |
||
| 300 |
_axvi, 74p _ccm. |
||
| 700 |
_aUN MILLENIUM PROJECT 2005 _9321183 |
||
| 942 |
_hX65:75.1.P, P5 _cGB _2CC |
||
| 999 |
_c629945 _d629945 |
||